Detroit Red Wings Roster - Statistics

General Stats
  • This quiz has been taken 217 times
    102 since last reset
  • The average score is 12 of 22
Answer Stats
Number Player % Correct
71 Larkin
95%
35 Howard
79%
40 Zetterberg
76%
8 Abdelkader
74%
55 Kronwall
71%
59 Bertuzzi
70%
65 DeKeyser
66%
43 Helm
64%
39 Mantha
63%
93 Franzen
62%
72 Athanasiou
54%
52 Ericsson
54%
14 Nyquist
53%
25 Green
51%
41 Glendening
46%
51 Nielsen
45%
83 Daley
32%
42 Frk
30%
3 Jensen
26%
28 Witkowski
21%
61 Ouellet
17%
17 Booth
14%
No matching quizzes found
Score Distribution
Percent of People with Each Score
Percentile by Number Answered
Your Score History
You have not taken this quiz since the last reset